ਮਹਾਭਾਰਤ : ਮੱਨੁਖੀ ਹੋਂਦ ਵਿਚ ਸੱਚ ਦੀ ਪਡ੍ਤਾਲ/ (Record no. 88112)
[ view plain ]
| 000 -LEADER | |
|---|---|
| fixed length control field | 00959nam a22002417a 4500 |
| 005 - DATE AND TIME OF LATEST TRANSACTION | |
| control field | 20140829144425.0 |
| 008 - FIXED-LENGTH DATA ELEMENTS--GENERAL INFORMATION | |
| fixed length control field | 090728t xxu||||| |||| 00| 0 pun d |
| 010 ## - LCCN (DPL NO) | |
| LC control number | PUN- |
| 020 ## - INTERNATIONAL STANDARD BOOK NUMBER | |
| Terms of availability | 400.00 |
| International Standard Book Number | 9788126042944 |
| 035 ## - SYSTEM CONTROL NUMBER | |
| System control number | PN- |
| 037 ## - SOURCE OF ACQUISITION | |
| Source of stock number/acquisition | DBAD / PUB |
| 037 ## - SOURCE OF ACQUISITION | |
| Source of stock number/acquisition | Sahitya akademi |
| 040 ## - CATALOGING SOURCE | |
| Original cataloging agency | dpl |
| Language of cataloging | pn |
| 082 ## - DEWEY DECIMAL CLASSIFICATION NUMBER | |
| Classification number | 230.44 |
| 100 ## - MAIN ENTRY--PERSONAL NAME | |
| Personal name | ਚਤੁਰਵੇਦੀ,ਬਦਰੀਨਾਥ |
| 245 ## - TITLE STATEMENT | |
| Title | ਮਹਾਭਾਰਤ : ਮੱਨੁਖੀ ਹੋਂਦ ਵਿਚ ਸੱਚ ਦੀ ਪਡ੍ਤਾਲ/ |
| Statement of responsibility, etc | ਬਦਰੀਨਾਥ ਚਤੁਰਵੇਦੀ |
| 246 ## - VARYING FORM OF TITLE | |
| Title proper/short title | Mahabharat: Manukhi hond vich di padchol |
| Remainder of title | by Badrinath chaturvedi |
| 260 ## - PUBLICATION, DISTRIBUTION, ETC. (IMPRINT) | |
| Place of publication, distribution, etc | New delhi |
| Name of publisher, distributor, etc | Sahitya Prakashan |
| Date of publication, distribution, etc | 2014 |
| 270 ## - ADDRESS | |
| City | New Delhi |
| Address | 35, ਫ਼ਿਰੋਜ਼ਸ਼ਾਹ ਮਾਰਗ ਨਈ ਦਿੱਲੀ |
| Telephone number | 09464391902 |
| Postal code | 110001 |
| 300 4# - PHYSICAL DESCRIPTION | |
| Extent | 835p. |
| Dimensions | 22ਸੇਂਮੀ (ਸਜਿਲੱਦ) |
| 942 ## - ADDED ENTRY ELEMENTS (KOHA) | |
| Source of classification or shelving scheme | Dewey Decimal Classification |
| Item type | Punjabi Bks |
| Classification part | 260.33 |
| Call number suffix | ਚਤੁਰ |
No items available.
